Transplante de amor / (Record no. 439)

MARC details
000 -LÍDER
campo de controle de tamanho fixo 01702nam a2200277 4500
001 - NÚMERO DE CONTROLE
campo de controle 439
003 - IDENTIFICADOR DO NÚMERO DE CONTROLE
campo de controle OSt
005 - DATA E HORÁRIO DA ÚLTIMA TRANSAÇÃO
campo de controle 20250627150739.0
008 - CAMPO DE DADOS FIXOS--INFORMAÇÃO GERAL
campo de controle de tamanho fixo 250627b |||||||e |||| 00| 1 eng d
020 ## - ISBN - INTERNATIONAL STANDARD BOOK NUMBER
ISBN - International Standard Book Number 8572530746
040 ## - FONTE DA CATALOGAÇÃO
Idioma da catalogação por
041 ## - CÓDIGO DE IDIOMA
Código do idioma do original e/ou traduções intermediárias do texto por
082 ## - CDD - CLASSIFICAÇÃO DECIMAL DE DEWEY
Número de Classificação 133.93
Número do exemplar R666t
100 ## - ENTRADA PRINCIPAL--NOME PESSOAL
Nome pessoal Roboels
Títulos e outras palavras associadas ao nome (espirito)
9 (RLIN) 962
245 ## - TÍTULO
Título Transplante de amor /
Indicação de responsabilidade, etc. Roboels (espirito) ; Psicografado por Kühl Eurípedes
260 ## - PUBLICAÇÃO, DISTRIBUIÇÃO, ETC.
Local de publicação, distribuição, etc. São Paulo
Nome do editor, distribuidor, etc. Petit
Data da publicação, distribuição, etc. 2001
300 ## - DESCRIÇÃO FÍSICA
Extensão 156 p.
520 ## - NOTA DE RESUMO, ETC.
Resumo, etc. Ari e Luíza tinham uma vida admirável. Ele, um geólogo bem-sucedido, é premiado com o título o "homem do ano", ela, com sua estonteante beleza, é eleita "a mulher do século". Casal brindado pelo dinheiro e sucesso, atraía olhares de curiosos, despertando sentimentos de admiração e inveja por onde quer que passasse. A vida social agitada e a agenda sempre repleta de inúmeros compromissos impediam que o casal se dedicasse a Anderson e Meire, seus filhos, mas isso não era motivo de preocupação, afinal, a ausência deles era preenchida por excelentes bens materiais. O transplante - Mas o tempo foi passando e o estresse, aumentando na mesma proporção da fortuna, até que Ari se depara com uma doença cardíaca. A única solução para salvá-lo é um transplante... A partir dessa descoberta, todo o enfoque de vida familiar se altera e valores até então esquecidos são despertados, transformando o cotidiano de cada personagem<br/><br/>
650 #0 - ASSUNTO--TERMO TÓPICO
Cabeçalho tópico ou nome geográfico Literatura Brasileira
9 (RLIN) 205
650 #0 - ASSUNTO--TERMO TÓPICO
Cabeçalho tópico ou nome geográfico Psicografias
9 (RLIN) 485
650 #0 - ASSUNTO--TERMO TÓPICO
Cabeçalho tópico ou nome geográfico Ficção Espirita
9 (RLIN) 963
650 #0 - ASSUNTO--TERMO TÓPICO
Cabeçalho tópico ou nome geográfico Transplantes de órgãos
9 (RLIN) 964
655 #0 - TERMO DE ÍNDICE--GÊNERO E FORMA
Gênero/forma/ou termo foco Romance
700 ## - ENTRADA ADICIONADA - NOME PESSOAL
Nome pessoal Kühl Eurípides
Função do autor por extenso (MÉDIUM)
9 (RLIN) 965
942 ## - ELEMENTOS DE ENTRADA ADICIONADOS (KOHA)
Fonte de classificação ou esquema de arquivamento Classificação decimal de Dewey
Ocultar no OPAC Não
Tipo de material Koha Livros
Holdings
Situação do descarte Situação das perdas Fonte de classificação ou esquema de arquivamento Status danificado Não pode ser emprestado Coleção Biblioteca de origem Biblioteca atual Localização na estante Data de aquisição Fonte de aquisição Total de empréstimos Número de chamada completo Código de barras Data de último acesso Data do preço efetivo Tipo de material Koha
    Classificação decimal de Dewey     Não ficção Biblioteca Professor Eduardo Afonso de Castro Biblioteca Professor Eduardo Afonso de Castro Obras Espíritas 27.06.2025 doação   133.93 / R666t 2025-17369 27.06.2025 27.06.2025 Livros

Powered by Koha